I quattro re

محفوظ في:
التفاصيل البيبلوغرافية
المؤلف الرئيسي: Neri Ferdinando
التنسيق: كتاب
اللغة:لغة غير معروفة
منشور في: Forlì Zoe 2005
الوسوم: إضافة وسم
لا توجد وسوم, كن أول من يضع وسما على هذه التسجيلة!

MARC

LEADER 00000nam a2200000Ia 4500
001 352
003 NUMERAZIONE-ORIGINALE-BRESCIA
005 20260206230752.0
008 260206s9999 xx 000 0 und d
100 |a Neri Ferdinando 
245 0 |a I quattro re 
260 |a Forlì 
260 |b Zoe 
260 |c 2005 
942 |2 ddc  |c BK  |n 0 
952 |0 0  |1 0  |2 ddc  |4 0  |6 11  |7 0  |9 28550  |a BS  |b BS  |d 2026-02-06  |i 352  |l 0  |o 1-1-*  |r 2026-02-06 22:40:37  |w 2026-02-06  |x [REVISIONARE]  |y BK 
999 |c 24216  |d 24216